书目信息 |
| 题名: |
磷与生活
|
|
| 作者: | 赵玉芬 编著 | |
| 分册: | ||
| 出版信息: | 郑州 郑州大学出版社 2008 |
|
| 页数: | 131页 | |
| 开本: | 24cm | |
| 丛书名: | ||
| 单 册: | ||
| 中图分类: | O613.62 | |
| 科图分类: | ||
| 主题词: | 磷--应用--普及读物 , 磷 | |
| 电子资源: | ||
| ISBN: | 978-7-81106-600-5 | |
| 000 | 00821nam0 2200241 45 | |
| 005 | 20100303154110.57 | |
| 010 | @a978-7-81106-600-5@dCNY36.00 | |
| 100 | @a20100120d2008 ekmy0chiy0120 ea | |
| 101 | 0 | @achi |
| 102 | @aCN@b410000 | |
| 105 | @aa z 000yy | |
| 106 | @ar | |
| 200 | 1 | @a磷与生活@ALin Yu Sheng Huo@dPhosphorus in daily life@f赵玉芬编著@FZhao Yu Fen Bian Zhu@zeng |
| 210 | @a郑州@c郑州大学出版社@d2008 | |
| 215 | @a131页@c图@d24cm | |
| 330 | @a本书涉及磷在金属表面处理、农药、医药、饲料、工业用品、洗涤剂、肥料、食品添加剂、水处理、阻燃剂、光电材料和烟火等方面的应用。 | |
| 510 | 1 | @aPhosphorus in daily life@zeng |
| 606 | 0 | @a磷@x应用@j普及读物 |
| 606 | 0 | @a磷 |
| 690 | @aO613.62@v4 | |
| 701 | 0 | @a赵玉芬@AZhao Yu Fen@4编著 |
| 801 | 0 | @aCN@bTANGWEI@c20100303 |
| 905 | @b0584433-37@dO613.62@e7@f5 | |
| 磷与生活=Phosphorus in daily life/赵玉芬编著.-郑州:郑州大学出版社,2008 |
| 131页:图;24cm |
| ISBN 978-7-81106-600-5:CNY36.00 |
| 本书涉及磷在金属表面处理、农药、医药、饲料、工业用品、洗涤剂、肥料、食品添加剂、水处理、阻燃剂、光电材料和烟火等方面的应用。 |
| ● |
| 相关链接 |
|
|
|
|
正题名:磷与生活
索取号:O613.62/7
 
预约/预借
| 序号 | 登录号 | 条形码 | 馆藏地/架位号 | 状态 | 备注 |
| 1 | 0584433 | 205844336 | 第二样本阅览室/ [索取号:O613.62/7] | 在馆 | |
| 2 | 0584434 | 205844345 | 密集书库-生命科学系/ [索取号:O613.62/7] | 在馆 | |
| 3 | 0584435 | 205844354 | 第三借阅区/ [索取号:O613.62/7] | 在馆 | |
| 4 | 0584436 | 205844363 | 第三借阅区/ [索取号:O613.62/7] | 在馆 | |
| 5 | 0584437 | 205844372 | 第三借阅区/ [索取号:O613.62/7] | 在馆 |